Plán výkonov vysokých škôl (sekundárne riešenia) výskumná správa ŠPEV 905-533-308-44.01.110
Salvato in:
| Autore principale: | |
|---|---|
| Natura: | Libro |
| Lingua: | slovacco |
| Pubblicazione: |
Bratislava
VŠE
1985
|
| Tags: |
Nessun Tag, puoi essere il primo ad aggiungerne!!
|
MARC
| LEADER | 00000nam a2200000 4500 | ||
|---|---|---|---|
| 001 | c041219 | ||
| 005 | 20260325104754.4 | ||
| 041 | 0 | |a slo | |
| 044 | |a SK | ||
| 245 | 1 | 0 | |a Plán výkonov vysokých škôl (sekundárne riešenia) |b výskumná správa ŠPEV 905-533-308-44.01.110 |c Ladislav Jančiar |
| 264 | 1 | |a Bratislava |b VŠE |c 1985 | |
| 300 | |a 77 s. | ||
| 100 | 1 | |a Jančiar, Ladislav | |